| 000 | 004030000a22001690004500 | ||
|---|---|---|---|
| 003 | MACL | ||
| 005 | 20151219131707.0 | ||
| 008 | 151219b xxu||||| |||| 00| 0 eng d | ||
| 040 |
_aMACL _cMACL |
||
| 041 | _aEnglish | ||
| 082 | _a343/GOU | ||
| 100 |
_aMalik, B _921309 |
||
| 245 |
_aLaw of Evidence in India _bvol 1 |
||
| 260 |
_bLaw Book Co _c1957 |
||
| 650 |
_aLaw _921310 |
||
| 942 |
_cBK _k343/MAL _2ddc |
||
| 999 |
_c39841 _d39841 |
||